The hunger games trilogy: SPOILERS AHEAD! - Statistics

General Stats
  • This quiz has been taken 52 times
  • The average score is 6 of 15
Answer Stats
Hint Answer % Correct
Who did Katniss ally with in her first Hunger Games? Rue
100%
Who came second in the 74th Hunger Games? Cato
73%
Who died by eating Nightlock? Foxface
65%
Who writes the Hunger Games books? Suzanne Collins
63%
How many districts are there? 13
60%
How many tributes usually die each year? 23
60%
What is District 4’s industry? Fishing
48%
Who was dressed as a tree in the 3rd Quarter Quell? Johanna Mason
30%
Who died by having their head gnawed off by Lizard Mutts? Finnick Odair
20%
Who took over Panem after Alma Coin died? Paylor
20%
What was the stronghold in District 2 known as? The Nut
18%
How did Primrose Everdeen die? Burnt Alive
5%
How does Coriolanus Snow die? Choked on his own blood
5%
What was the plot twist for the 2nd Quarter Quell? Double the tributes were reaped
5%
Who sacrificed themselves for Peeta in the 75th Hunger Games A morphing
3%
No matching quizzes found
Score Distribution
Percent of People with Each Score
Percentile by Number Answered
Your Score History
You have not taken this quiz